Statystyki dla Spadkowicze z Ekstraklasy w XXI wieku.

Kliknij tutaj aby rozwiązać quiz!

Ogólne statystyki

  • Ten quiz został rozwiązany 285 razy
  • Średni wynik to 32 z 46

Statystyki odpowiedzi

HintOdpowiedź% Poprawnych
2008/2009ŁKS Łódź
87%
2011/2012ŁKS Łódź
87%
2007/2008Widzew Łódź
86%
2013/2014Widzew Łódź
86%
2003/2004Widzew Łódź
86%
2006/2007 (karna degradacja)Arka Gdynia
84%
2010/2011Arka Gdynia
84%
2016/2017Ruch Chorzów
84%
2002/2003Ruch Chorzów
84%
2018/2019Zagłębie Sosnowiec
84%
2007/2008Zagłębie Sosnowiec
84%
2011/2012Cracovia
83%
2015/2016Górnik Zabrze
83%
2008/2009Górnik Zabrze
83%
2005/2006Polonia Warszawa
83%
2012/2013 (karna degradacja)Polonia Warszawa
83%
2013/2014Zagłębie Lubin
83%
2007/2008 (karna degradacja)Zagłębie Lubin
83%
2002/2003 (po barażach)Zagłębie Lubin
83%
2005/2006 (przesunięcie na ostatnie miejscu w związku z nie wystąpieniem o licencję na przyszły sezon, od następnego sezonu zajęcie miejsca Amici Wronki)Lech Poznań
82%
2018/2019Miedź Legnica
81%
2002/2003Pogoń Szczecin
81%
2006/2007Pogoń Szczecin
81%
2007/2008 (karna degradacja)Korona Kielce
75%
2004/2005GKS Katowice
74%
2015/2016Podbeskidzie Bielsko-Biała
73%
2006/2007 (karna degradacja)Górnik Łęczna
72%
2016/2017Górnik Łęczna
72%
2009/2010Piast Gliwice
72%
2001/2002Śląsk Wrocław
70%
2006/2007Wisła Płock
70%
2000/2001Wisła Płock
70%
2014/2015Zawisza Bydgoszcz
69%
2012/2013GKS Bełchatów
67%
2014/2015GKS Bełchatów
67%
2017/2018Sandecja Nowy Sącz
65%
2010/2011Polonia Bytom
62%
2017/2018Bruk-Bet Termalica Nieciecza
53%
2001/2002Stomil Olsztyn
51%
2009/2010Odra Wodzisław Śląski
47%
2002/2003KSZO Ostrowiec Świętokrzyski
26%
2000/2001Ruch Radzionków
26%
2003/2004 (po barażach)Górnik Polkowice
25%
2003/2004Świt Nowy Dwór Mazowiecki
25%
2002/2003 (po barażach)Szczakowianka Jaworzno
23%
2001/2002 (po barażach)RKS Radomsko
19%

Rozkład punktacji

Percentyl według liczby udzielonych odpowiedzi

Procent ludzi z każdym wynikiem

Twoja historia wyników

Nie rozwiązałeś tego quizu